Obálka Náhled e-knihy:
PDF Epub
Pro půjčování e-knih musíte být přihlášeni.
Jak si půjčit online?

Svolení zemřít /

Na ostrově v sevření rozbouřeného oceánu se rozprostírá země pod vládou tyrana. Svoboda je pro zdejší obyvatele pouhým pojmem. Celé své životy tráví prací na polích a neexistuje nic, co by je mohlo osvobodit. Ani samotná smrt. Třem obyčejným obyvatelům se zdá útěk nemožný. Jednoho zimního v...

Celý popis

Uloženo v:
Hlavní autor: Volejníková, Viktorie (Autor)
Médium: E-kniha
Jazyk:Czech
Vydáno: Praha : E-knihy jedou, 2026
Tagy:
Žádné tagy
LEADER 01536nam a22002297i 4500
001 302765
007 ta
008 260514s2026 xr ||||| |||| 00| 0 cze d
020 |a 9990004270763 
044 |a xr 
100 1 |a  Volejníková, Viktorie  |4 aut 
245 1 0 |a Svolení zemřít /  |c  Volejníková, Viktorie 
264 1 |a Praha :  |b E-knihy jedou,  |c 2026 
300 |a 1 online zdroj (474 stran) 
336 |a text  |b txt  |2 rdacontent 
337 |a bez média  |b n  |2 rdamedia 
338 |a online zdroj  |b cr  |2 rdacarrier 
520 2 |a Na ostrově v sevření rozbouřeného oceánu se rozprostírá země pod vládou tyrana. Svoboda je pro zdejší obyvatele pouhým pojmem. Celé své životy tráví prací na polích a neexistuje nic, co by je mohlo osvobodit. Ani samotná smrt. Třem obyčejným obyvatelům se zdá útěk nemožný. Jednoho zimního večera se však objeví tajemný cizinec. S ním do potemnělých srdcí přichází naděje. Pomalu se roztáčí soukolí odvážných činů a divokých dobrodružství, na jehož konci se z obyčejných poddaných mohou stát hrdinové.  
910 |a RBIT002 
998 |d 427076  |a https://core.palmknihy.cz/api/books/427076/cover?textr7  |b https://core.palmknihy.cz/api/books/427076/cover/400?textr7  |c https://core.palmknihy.cz/api/books/427076/cover/50?textr7  |e   |g 474  |i 9990004270763  |j https://core.palmknihy.cz/api/books/427076/preview.epub  |k https://core.palmknihy.cz/api/books/427076/preview.pdf  |l   |q 49  |r 1  |s https://www.palmknihy.cz/kniha/427076  |t ebook  |y 2026  |z 1 
999 |d 302763